Statistics for States By Their Motto

Click here to take the quiz!

General Stats

  • This quiz has been taken 6 times
  • The average score is 7 of 19

Answer Stats

MottoState% Correct
"Eureka" (I have found it)California
100%
"North to the Future"Alaska
83%
"Ua Mau ke Ea o ka ‘Āina i ka Pono" (The life of the land is perpetuated in righteousness)Hawaii
83%
"Live free or die"New Hampshire
83%
"Montani semper liberi" (Mountaineers are always free)West Virginia
67%
"Virtue, liberty, and independence"Pennsylvania
50%
"The crossroads of America"Indiana
33%
"L'étoile du Nord" (The star of the North)Minnesota
33%
"Friendship"Texas
33%
"Industry"Utah
33%
"Sic semper tyrannis" (Thus always to tyrants)Virginia
33%
"Equal rights"Wyoming
33%
"In God we trust"Florida
17%
"Si quaeris peninsulam amoenam circumspice" (If you seek a pleasant peninsula, look about you)Michigan
17%
"Excelsior!"New York
17%
"Justitia Omnibus" (Justice for all)Washington D.C.
17%
"Where America's Day Begins"Guam
0%
"United we stand, divided we fall" or "Deo gratiam habeamus" (Let us be grateful to God)Kentucky
0%
"Equality before the law"Nebraska
0%

Score Distribution

Percentile by Number Answered

Percent of People with Each Score

Your Score History

You have not taken this quiz